000 00506nam a2200193 u 4500
005 20220802133136.0
008 070829s1986 r 000 0 eng d
020 _a2080704524
035 _aUPN01000151595
049 _aCG
050 4 _aPQ2246 A3
_bT7.6
100 1 _aFlaubert, Gustave,
_d1821-1880
_928508
245 1 0 _aTrois Contes /
_cGustave Flaubert.
260 _aParis :
_bFlammarion,
_c1986.
300 _a188 p.
440 0 _aGF ;
_v452
650 0 _aCuentos franceses
_99135
905 _aLibro
999 _c123731
_d123731